Staffing Organizations (Record no. 4319)

MARC details
005 - DATE AND TIME OF LATEST TRANSACTION
control field 20250618150956.0
020 ## - INTERNATIONAL STANDARD BOOK NUMBER
International Standard Book Number 0-07-248259-1
082 ## - DEWEY DECIMAL CLASSIFICATION NUMBER
Classification number 658.31 HEN
100 ## - MAIN ENTRY--PERSONAL NAME
Author name HENEMAN, G. H
245 ## - TITLE STATEMENT
Title Staffing Organizations
250 ## - EDITION STATEMENT
Edition statement 4th Ed.
260 ## - PUBLICATION, DISTRIBUTION, ETC.
Place of publication, distribution, etc. New York
Name of publisher, distributor, etc. McGraw-Hill Irwin
Date of publication, distribution, etc. 2003.
300 ## - PHYSICAL DESCRIPTION
Extent xv,728p.: ill.; figure, tables
Other physical details Index
Dimensions 23.5cm
700 ## - ADDED ENTRY--PERSONAL NAME
Other authors/Editors Timothy A. Judge
942 ## - ADDED ENTRY ELEMENTS (KOHA)
Source of classification or shelving scheme Dewey Decimal Classification
Koha item type Books
Holdings
Date last seen Total checkouts Full call number Barcode Cost, replacement price Price effective from Koha item type Lost status Source of classification or shelving scheme Damaged status Not for loan Withdrawn status Home library Current library Shelving location Date acquired Source of acquisition Cost, normal purchase price
06/18/2025   658.31 HEN MZA0001444 96000.00 06/18/2025 Books   Dewey Decimal Classification       CBE Mwanza CBE Mwanza General Collection 07/28/2017 Library Budget 32000.00